| 000 | 00920nam0a2200277 4500 | ||
|---|---|---|---|
| 001 | RU\NLR\bibl\56993 | ||
| 005 | 20250616090122.0 | ||
| 021 |
_aRU _b99-37052 _91826 |
||
| 035 | _a(NLR Aleph) 000055589 | ||
| 090 |
_a300261 _c300261 |
||
| 100 | _a19991104d1999 |||y0rusy50 ca | ||
| 101 | 0 | _arus | |
| 102 | _aRU | ||
| 105 | _aa ||||||||| | ||
| 200 | 1 |
_aГололед _eСтихи для детей _fАнатолий Форов _g[Худож.: Ю. Алутина] |
|
| 210 |
_aБелгород _cВ. Шаповалов _d[1999] |
||
| 215 |
_a16 c. _cил. _d20 |
||
| 686 | _aШ9(2)60=Р7-5 | ||
| 700 | 1 |
_aФоров _bА. П. _f1956- _gАнатолий Павлович _4070 |
|
| 801 | 0 |
_aRU _bNLR _c19991104 _gPSBO |
|
| 801 | 1 |
_aRU _bNLR _c19991104 |
|
| 852 |
_aNLR _j99-4/7400 |
||
| 942 | _cBOOK | ||
| 980 | _aNB | ||